Spolupráca medzi vysokými školami a praxou - úvod

Salvato in:
Dettagli Bibliografici
Autore principale: Strhan, Rastislav, 1968-
Natura: Capitolo di libro
Lingua:slovacco
Tags: Aggiungi Tag
Nessun Tag, puoi essere il primo ad aggiungerne!!

MARC

LEADER 00000naa$a2200000$$$4500
001 0142296
005 20240502072541.3
041 0 |a slo 
044 |a SK 
245 1 0 |a Spolupráca medzi vysokými školami a praxou - úvod  |c Rastislav Strhan 
100 1 |a Strhan, Rastislav, 1968-